[Event "Titled Tuesday intern op 16th Apr Late"]
[Site "Chess.com INT"]
[Date "2024.04.16"]
[Round "2"]
[White "Deviprasath, Sharvesh"]
[Black "Atanasov, Anthony"]
[Result "0-1"]
[WhiteElo "2381"]
[BlackElo "2407"]
[PlyCount "68"]
[EventDate "2024.04.16"]
[EventType "swiss (blitz)"]
[EventRounds "11"]
[EventCountry "USA"]
[SourceTitle "CB17_2024"]
[SourceDate "2024.04.24"]
[SourceVersion "1"]
[SourceVersionDate "2024.04.24"]
[SourceQuality "1"]

1. e4 e5 2. Nf3 Nf6 3. Nxe5 d6 4. Nf3 Nxe4 5. d4 d5 6. Bd3 Bd6 7. c3 0-0 8. h3 Bf5 9. 0-0 c6 10. a4 a5 11. Na3 Nd7 12. Nc2 Bg6 13. Re1 f5 14. c4 f4 15. Nh2 Qh4 16. Rf1 Bh5 17. Be2 Bxe2 18. Qxe2 Ndf6 19. Nf3 Qh5 20. Qd3 Rae8 21. Bd2 g5 22. Ne5 Bxe5 23. dxe5 Rxe5 24. Bc3 Nxc3 25. Qxc3 g4 26. cxd5 Nxd5 27. hxg4 Qxg4 28. Qh3 Qg6 29. Nd4 f3 30. Nxf3 Nf4 31. Nxe5 Nxh3+ 32. Kh1 Qh5 33. Nf3 Rxf3 34. gxf3 Nf4+ 0-1

[Event "Titled Tuesday intern op 16th Apr Late"]
[Site "Chess.com INT"]
[Date "2024.04.16"]
[Round "3"]
[White "Deviprasath, Sharvesh"]
[Black "Danielian, Vardan"]
[Result "1-0"]
[WhiteElo "2381"]
[BlackElo "2230"]
[PlyCount "51"]
[EventDate "2024.04.16"]
[EventType "swiss (blitz)"]
[EventRounds "11"]
[EventCountry "USA"]
[SourceTitle "CB17_2024"]
[SourceDate "2024.04.24"]
[SourceVersion "1"]
[SourceVersionDate "2024.04.24"]
[SourceQuality "1"]

1. e4 c5 2. Nf3 d6 3. d4 cxd4 4. Nxd4 Nf6 5. Nc3 g6 6. Be3 Bg7 7. f3 0-0 8. Qd2 Nc6 9. Bc4 Bd7 10. 0-0-0 Rc8 11. Bb3 Ne5 12. h4 Qa5 13. h5 Rxc3 14. bxc3 Nxh5 15. g4 Nf6 16. Bh6 Nxf3 17. Qf4 Nxd4 18. cxd4 Qc3 19. Kb1 e5 20. dxe5 dxe5 21. Qc1 Bxg4 22. Bxg7 Kxg7 23. Qh6+ Kg8 24. Rdf1 Bf3 25. Rh3 Rd8 26. Rhxf3 1-0

[Event "Titled Tuesday intern op 16th Apr Late"]
[Site "Chess.com INT"]
[Date "2024.04.16"]
[Round "10"]
[White "Deviprasath, Sharvesh"]
[Black "Tang, Benjamin"]
[Result "0-1"]
[WhiteElo "2381"]
[BlackElo "2291"]
[PlyCount "110"]
[EventDate "2024.04.16"]
[EventType "swiss (blitz)"]
[EventRounds "11"]
[EventCountry "USA"]
[SourceTitle "CB17_2024"]
[SourceDate "2024.04.24"]
[SourceVersion "1"]
[SourceVersionDate "2024.04.24"]
[SourceQuality "1"]

1. e4 e6 2. d4 d5 3. e5 c5 4. Nf3 cxd4 5. Bd3 Nc6 6. a3 Nge7 7. 0-0 Ng6 8. Re1 Qc7 9. Qe2 f6 10. Bxg6+ hxg6 11. Bf4 fxe5 12. Nxe5 Nxe5 13. Bxe5 Bd6 14. Nd2 Bxe5 15. Qxe5 Qxe5 16. Rxe5 Ke7 17. Nf3 Kd6 18. Rae1 Rh5 19. R5e2 d3 20. cxd3 Bd7 21. d4 Rc8 22. Ne5 Rh4 23. Nxd7 Kxd7 24. Rxe6 Rxd4 25. Rxg6 Rc2 26. Rxg7+ Kc6 27. Re6+ Kb5 28. Rxb7+ Ka5 29. Rxa7+ Kb5 30. g3 Rdd2 31. a4+ Kb4 32. Rb6+ Kc5 33. Rb5+ Kc6 34. Rf7 d4 35. Rf6+ Kc7 36. Rh5 d3 37. Rh7+ Kb8 38. Rd7 Kc8 39. Rd4 Rxb2 40. h4 Rd1+ 41. Kg2 d2 42. Rfd6 Kc7 43. h5 Rb4 44. Rxd2 Rxd2 45. Rxd2 Rxa4 46. Kh3 Ra1 47. Kg4 Rh1 48. f4 Rh2 49. f5 Rxd2 50. Kg5 Kd7 51. Kg6 Ke7 52. Kg7 Rf2 53. g4 Rg2 54. f6+ Ke6 55. h6 Rxg4+ 0-1

[Event "Titled Tuesday intern op 16th Apr Late"]
[Site "Chess.com INT"]
[Date "2024.04.16"]
[Round "9"]
[White "Gao, Raymond"]
[Black "Deviprasath, Sharvesh"]
[Result "1-0"]
[WhiteElo "2001"]
[BlackElo "2381"]
[PlyCount "93"]
[EventDate "2024.04.16"]
[EventType "swiss (blitz)"]
[EventRounds "11"]
[EventCountry "USA"]
[SourceTitle "CB17_2024"]
[SourceDate "2024.04.24"]
[SourceVersion "1"]
[SourceVersionDate "2024.04.24"]
[SourceQuality "1"]

1. b3 f5 2. Bb2 Nf6 3. g3 e6 4. Bg2 a5 5. a3 a4 6. b4 Be7 7. Nf3 0-0 8. 0-0 d6 9. d3 Nc6 10. Nbd2 e5 11. e4 f4 12. d4 Nd7 13. b5 Nxd4 14. Bxd4 exd4 15. Nxd4 Ne5 16. N2f3 Qe8 17. Qe2 Bg4 18. h3 Nxf3+ 19. Nxf3 Bd7 20. Qc4+ Kh8 21. Qxc7 Bxb5 22. Rfe1 fxg3 23. fxg3 Bc6 24. Qb6 Qg6 25. Kh2 Bf6 26. Rad1 Bc3 27. Re3 Ba5 28. Qd4 Rad8 29. Nh4 Qg5 30. Nf5 h6 31. h4 Qg6 32. Ne7 Qf7 33. Nf5 d5 34. Nxh6 Qg6 35. exd5 Qxh6 36. Qc5 Bd7 37. Re7 b6 38. Qd4 Bg4 39. Rde1 Bxe1 40. Rxe1 Rde8 41. Rxe8 Rxe8 42. d6 Qe3 43. Qd5 Qe5 44. d7 Qe7 45. dxe8Q+ Qxe8 46. Qd4 Qc6 47. Bxc6 1-0

[Event "Titled Tuesday intern op 02nd Apr Late"]
[Site "Chess.com INT"]
[Date "2024.04.02"]
[Round "2"]
[White "Bujisho, Benjamin"]
[Black "Deviprasath, Sharvesh"]
[Result "1-0"]
[WhiteElo "2343"]
[BlackElo "2381"]
[PlyCount "59"]
[EventDate "2024.04.02"]
[EventType "swiss (blitz)"]
[EventRounds "11"]
[EventCountry "USA"]
[SourceTitle "CB15_2024"]
[SourceDate "2024.04.10"]
[SourceVersion "1"]
[SourceVersionDate "2024.04.10"]
[SourceQuality "1"]

1. d4 e6 2. Nf3 f5 3. Bf4 Nf6 4. h3 b6 5. e3 Bd6 6. Bxd6 cxd6 7. g3 Bb7 8. Bg2 0-0 9. 0-0 Nc6 10. c4 Ne7 11. Nc3 Rc8 12. Nb5 Ne8 13. Nxa7 Rxc4 14. Nb5 Rb4 15. a4 Qa8 16. Qd2 Rxa4 17. Rxa4 Qxa4 18. Nc3 Qa8 19. Ne1 Nf6 20. Bxb7 Qxb7 21. Nd3 Ned5 22. Rc1 Rc8 23. Nf4 Nxc3 24. bxc3 Ne4 25. Qb2 b5 26. h4 b4 27. cxb4 Rxc1+ 28. Qxc1 Qxb4 29. Qc8+ Kf7 30. Qxd7+ 1-0

[Event "Titled Tuesday intern op 02nd Apr Late"]
[Site "Chess.com INT"]
[Date "2024.04.02"]
[Round "11"]
[White "Deviprasath, Sharvesh"]
[Black "Novikova, Margarita"]
[Result "0-1"]
[WhiteElo "2381"]
[BlackElo "1999"]
[PlyCount "72"]
[EventDate "2024.04.02"]
[EventType "swiss (blitz)"]
[EventRounds "11"]
[EventCountry "USA"]
[SourceTitle "CB15_2024"]
[SourceDate "2024.04.10"]
[SourceVersion "1"]
[SourceVersionDate "2024.04.10"]
[SourceQuality "1"]

1. e4 e5 2. d4 exd4 3. c3 dxc3 4. Bc4 Bb4 5. Bxf7+ Kxf7 6. Qb3+ d5 7. Qxb4 c2 8. Na3 Nc6 9. Qd2 dxe4 10. Qxc2 Nf6 11. Ne2 Bf5 12. 0-0 Qd3 13. Ng3 Qxc2 14. Nxc2 Bg6 15. Bf4 Nd5 16. Be3 h5 17. Rad1 Rhd8 18. Nd4 Ne5 19. f4 Nxe3 20. fxe5+ Nxf1 21. Rxf1+ Ke7 22. Ngf5+ Bxf5 23. Nxf5+ Ke6 24. Nxg7+ Kxe5 25. Rf5+ Kd4 26. Ne6+ Kd3 27. Nxd8 Rxd8 28. Kf2 Kd2 29. Re5 Rf8+ 30. Kg3 e3 31. Rd5+ Ke1 32. Re5 e2 33. Rxh5 Re8 34. Rc5 Kd1 35. Rd5+ Kc1 36. Rc5+ Kb1 0-1

[Event "Foxwoods op 16th"]
[Site "Ledyard"]
[Date "2024.03.31"]
[Round "8"]
[White "Deviprasath, Sharvesh"]
[Black "Antova, Gabriela"]
[Result "1-0"]
[WhiteElo "2381"]
[BlackElo "2235"]
[PlyCount "75"]
[EventDate "2024.03.27"]
[EventType "swiss"]
[EventRounds "9"]
[EventCountry "USA"]
[SourceTitle "CB14_2024"]
[SourceDate "2024.04.01"]
[SourceVersion "1"]
[SourceVersionDate "2024.04.01"]
[SourceQuality "1"]

1. d4 d5 2. c4 c6 3. Nc3 Nf6 4. Nf3 e6 5. e3 Nbd7 6. Qc2 Bd6 7. Bd2 0-0 8. 0-0-0 e5 9. dxe5 Nxe5 10. Nxe5 Bxe5 11. h3 Qe7 12. g4 Ne4 13. Be1 Nxc3 14. Bxc3 Bxc3 15. Qxc3 dxc4 16. Bxc4 b5 17. Bd3 a6 18. Kb1 c5 19. Bc2 Bb7 20. Rhe1 Rfd8 21. Rxd8+ Rxd8 22. e4 b4 23. Qe3 c4 24. f4 Rc8 25. e5 c3 26. f5 cxb2 27. g5 Qc7 28. Qd2 Bd5 29. e6 Qa5 30. a4 fxe6 31. fxe6 Bxe6 32. Rxe6 Qc5 33. Qd3 b3 34. Qxh7+ Kf7 35. Qf5+ Qxf5 36. Bxf5 Rc5 37. g6+ Kf8 38. Be4 1-0

[Event "Foxwoods op 16th"]
[Site "Ledyard"]
[Date "2024.03.28"]
[Round "3"]
[White "Matviishen, Viktor"]
[Black "Deviprasath, Sharvesh"]
[Result "1/2-1/2"]
[WhiteElo "2561"]
[BlackElo "2381"]
[PlyCount "112"]
[EventDate "2024.03.27"]
[EventType "swiss"]
[EventRounds "9"]
[EventCountry "USA"]
[SourceTitle "CB14_2024"]
[SourceDate "2024.04.01"]
[SourceVersion "1"]
[SourceVersionDate "2024.04.01"]
[SourceQuality "1"]

1. d4 d5 2. c4 e6 3. Nc3 Be7 4. cxd5 exd5 5. Bf4 c6 6. e3 Bf5 7. Nge2 Nf6 8. Ng3 Bg6 9. h4 h6 10. h5 Bh7 11. Bd3 Bxd3 12. Qxd3 0-0 13. Nf5 Re8 14. g4 Ne4 15. f3 Nd6 16. Nxe7+ Qxe7 17. Kf2 Nd7 18. Rag1 f6 19. Ne2 Nf8 20. Ng3 Ne6 21. Bxd6 Qxd6 22. Nf5 Qd7 23. Rc1 Rec8 24. Rhe1 Re8 25. Re2 Ng5 26. b4 a5 27. b5 Re6 28. bxc6 bxc6 29. Rb1 Nf7 30. Reb2 Nd6 31. Rb8+ Re8 32. Nxh6+ gxh6 33. Qg6+ Qg7 34. Qxe8+ Nxe8 35. Rxa8 Qc7 36. Rxe8+ Kf7 37. Reb8 Qh2+ 38. Kf1 Qh1+ 39. Ke2 Qg2+ 40. Kd3 Qxf3 41. R1b7+ Ke6 42. Re8+ Kd6 43. Ree7 Qxg4 44. Kc3 Qc8 45. Kb3 Qf5 46. Ka4 Qc2+ 47. Kxa5 Qc3+ 48. Ka4 Qc2+ 49. Kb4 Qb2+ 50. Ka5 Qc3+ 51. Kb6 Qb4+ 52. Ka7 Qa5+ 53. Kb8 Qd8+ 54. Ka7 Qa5+ 55. Kb8 Qd8+ 56. Ka7 Qa5+ 1/2-1/2

[Event "Titled Tuesday intern op 12th Mar Late"]
[Site "Chess.com INT"]
[Date "2024.03.12"]
[Round "7"]
[White "Deviprasath, Sharvesh"]
[Black "Quirke, Jeffrey"]
[Result "1-0"]
[WhiteElo "2381"]
[BlackElo "1992"]
[PlyCount "81"]
[EventDate "2024.03.12"]
[EventType "swiss (blitz)"]
[EventRounds "11"]
[EventCountry "USA"]
[SourceTitle "CB12_2024"]
[SourceDate "2023.10.01"]
[SourceVersion "1"]
[SourceVersionDate "2023.10.01"]
[SourceQuality "1"]

1. Nf3 Nf6 2. e3 g6 3. c4 Bg7 4. Nc3 0-0 5. d4 d6 6. Be2 Nbd7 7. 0-0 Re8 8. b3 e5 9. Bb2 c6 10. h3 Qc7 11. Rc1 a5 12. d5 Nc5 13. Nd2 Bf5 14. Ndb1 Bxb1 15. Nxb1 Nfe4 16. Nd2 f5 17. Nxe4 Nxe4 18. Bf3 Nc5 19. Ba3 e4 20. Be2 cxd5 21. Qxd5+ Kh8 22. Rfd1 Be5 23. f4 exf3 24. Bxf3 Rac8 25. Kh1 b6 26. Rc2 Qe7 27. Rcd2 Qg5 28. Bb2 Bxb2 29. Rxb2 Rxe3 30. Qxd6 Rce8 31. Rbb1 Qh4 32. Qd4+ Qxd4 33. Rxd4 Re1+ 34. Rxe1 Rxe1+ 35. Kh2 Ra1 36. Rd8+ Kg7 37. Rb8 Rxa2 38. Rxb6 Rb2 39. Rb5 Nxb3 40. Bd5 Rb1 41. c5 1-0

[Event "Titled Tuesday intern op 12th Mar Late"]
[Site "Chess.com INT"]
[Date "2024.03.12"]
[Round "11"]
[White "Kaplan, Avi Harrison"]
[Black "Deviprasath, Sharvesh"]
[Result "1-0"]
[WhiteElo "2085"]
[BlackElo "2381"]
[PlyCount "63"]
[EventDate "2024.03.12"]
[EventType "swiss (blitz)"]
[EventRounds "11"]
[EventCountry "USA"]
[SourceTitle "CB12_2024"]
[SourceDate "2023.10.01"]
[SourceVersion "1"]
[SourceVersionDate "2023.10.01"]
[SourceQuality "1"]

1. b3 d5 2. Bb2 Nc6 3. Nf3 Bf5 4. e3 a6 5. Be2 Nf6 6. 0-0 e6 7. c4 Be7 8. d4 h6 9. Nc3 0-0 10. Rc1 dxc4 11. Bxc4 Nb4 12. a3 Nbd5 13. Bd3 Bg4 14. h3 Bh5 15. g4 Bg6 16. Bxg6 fxg6 17. Ne5 Qe8 18. Qd3 Kh7 19. Nxd5 exd5 20. Rxc7 Bd6 21. Rxb7 Ne4 22. Kg2 Rf6 23. f3 Ng5 24. h4 Ne6 25. h5 Nf8 26. hxg6+ Nxg6 27. g5 Re6 28. gxh6 Rxe5 29. dxe5 Bxe5 30. Bxe5 Qxe5 31. Rxg7+ Kh8 32. Qxg6 1-0

[Event "Titled Tuesday intern op 27th Feb Late"]
[Site "Chess.com INT"]
[Date "2024.02.27"]
[Round "5"]
[White "Solberg, Joachim Krokvik"]
[Black "Deviprasath, Sharvesh"]
[Result "1-0"]
[WhiteElo "2164"]
[BlackElo "2381"]
[PlyCount "75"]
[EventDate "2024.02.27"]
[EventType "swiss (blitz)"]
[EventRounds "11"]
[EventCountry "USA"]
[SourceTitle "CB10_2024"]
[SourceDate "2024.03.06"]
[SourceVersion "1"]
[SourceVersionDate "2024.03.06"]
[SourceQuality "1"]

1. e4 e6 2. b3 d5 3. Bb2 dxe4 4. Nc3 Nf6 5. Qe2 Be7 6. Nxe4 0-0 7. 0-0-0 a5 8. g4 a4 9. Kb1 c6 10. h4 axb3 11. cxb3 Qa5 12. a4 b5 13. Nxf6+ Bxf6 14. Bxf6 gxf6 15. Qe4 bxa4 16. Bd3 f5 17. Qf4 f6 18. b4 Qd5 19. Bc2 Qxh1 20. gxf5 Qg2 21. fxe6 Bxe6 22. Nf3 Kh8 23. Rg1 Qxf2 24. Qh6 Rf7 25. Bxh7 Qxg1+ 26. Nxg1 Rxh7 27. Qf8+ Bg8 28. Qxf6+ Rg7 29. h5 Nd7 30. Qc3 Bh7+ 31. Ka1 Kg8 32. Nf3 a3 33. h6 Rg3 34. Qc4+ Kh8 35. Qd4+ Kg8 36. Qxd7 Rf8 37. Qe6+ Kh8 38. Qe5+ 1-0

[Event "Titled Tuesday intern op 27th Feb Late"]
[Site "Chess.com INT"]
[Date "2024.02.27"]
[Round "9"]
[White "Torres, Yelfry"]
[Black "Deviprasath, Sharvesh"]
[Result "0-1"]
[WhiteElo "2061"]
[BlackElo "2381"]
[PlyCount "64"]
[EventDate "2024.02.27"]
[EventType "swiss (blitz)"]
[EventRounds "11"]
[EventCountry "USA"]
[SourceTitle "CB10_2024"]
[SourceDate "2024.03.06"]
[SourceVersion "1"]
[SourceVersionDate "2024.03.06"]
[SourceQuality "1"]

1. c4 g6 2. Nc3 Bg7 3. g3 d6 4. Bg2 Nf6 5. Nf3 Nc6 6. 0-0 e5 7. d3 Bd7 8. Bg5 Qc8 9. Bxf6 Bxf6 10. Nd5 Bg7 11. b4 Ne7 12. Rb1 c6 13. Nxe7 Kxe7 14. b5 Rd8 15. bxc6 Bxc6 16. Nd2 Bxg2 17. Kxg2 Qc6+ 18. e4 f5 19. Qb3 Rab8 20. Qa3 Bh6 21. Nf3 a6 22. Nxe5 Qe8 23. Rfe1 f4 24. Ng4 Bg5 25. e5 Kf8 26. h4 h5 27. exd6 Qc6+ 28. Kh2 hxg4 29. h5 Qxd6 30. c5 Qxd3 31. Rb3 fxg3+ 32. fxg3 Qd2+ 0-1

[Event "Titled Tuesday intern op 22nd Aug Late"]
[Site "Chess.com INT"]
[Date "2023.08.22"]
[Round "9"]
[White "Acikel, Mert"]
[Black "Deviprasath, Sharvesh"]
[Result "0-1"]
[WhiteElo "2222"]
[BlackElo "2322"]
[PlyCount "94"]
[EventDate "2023.08.22"]
[EventType "swiss (blitz)"]
[EventRounds "11"]
[EventCountry "USA"]
[SourceTitle "EXT 2024"]
[Source "ChessBase"]
[SourceDate "2023.10.10"]
[SourceVersion "1"]
[SourceVersionDate "2023.10.10"]
[SourceQuality "1"]

1. e4 c5 2. c3 d5 3. exd5 Nf6 4. d4 cxd4 5. cxd4 Nxd5 6. Nc3 Nc6 7. Nf3 Bg4 8. Be2 e6 9. 0-0 Be7 10. h3 Bh5 11. Ne4 0-0 12. Bd2 a6 13. Rc1 Bg6 14. Nc5 b6 15. Nb3 Qd7 16. a3 Rfc8 17. Ne5 Nxe5 18. dxe5 Rxc1 19. Qxc1 Rc8 20. Qd1 Bc2 21. Qe1 Bxb3 22. Bxa6 Bc4 23. Bxc4 Rxc4 24. Qd1 g6 25. Qb3 Qc6 26. g3 Rc2 27. Bh6 Bf8 28. Bg5 h6 29. Bd8 Qc8 30. a4 Re2 31. Bxb6 Qb8 32. a5 Bc5 33. Qc4 Bxb6 34. Qxe2 Bxa5 35. h4 h5 36. Rc1 Bc7 37. f4 Qb4 38. Rc4 Bb6+ 39. Kh2 Qa5 40. b4 Qa1 41. b5 Qg1+ 42. Kh3 Qh1+ 43. Qh2 Qf1+ 44. Qg2 Qxc4 45. g4 Nxf4+ 46. Kg3 Nxg2 47. Kxg2 Qxg4+ 0-1

[Event "US op 123nd"]
[Site "Grand Rapids"]
[Date "2023.08.05"]
[Round "8"]
[White "Deviprasath, Sharvesh"]
[Black "Paitrick, Derek R"]
[Result "1-0"]
[WhiteElo "2322"]
[BlackElo "2034"]
[PlyCount "121"]
[EventDate "2023.07.29"]
[EventType "swiss"]
[EventRounds "9"]
[EventCountry "USA"]
[SourceTitle "CBM 215 Extra"]
[Source "ChessBase"]
[SourceDate "2023.09.30"]
[SourceVersion "1"]
[SourceVersionDate "2023.09.30"]
[SourceQuality "1"]

1. b3 Nf6 2. Bb2 d5 3. Nf3 c5 4. e3 a6 5. c4 Bg4 6. h3 Bh5 7. cxd5 Nxd5 8. Qc2 e6 9. a3 Nc6 10. Be2 Nf6 11. 0-0 Rc8 12. d3 Be7 13. Nbd2 0-0 14. Rac1 b5 15. Rfd1 Qb6 16. Qb1 Rfd8 17. Kh1 Ne8 18. Ne4 Bg6 19. Qa1 Na5 20. Qa2 Qb7 21. Nxc5 Bxc5 22. b4 Bb6 23. bxa5 Bxa5 24. Ne5 Rxc1 25. Rxc1 Rc8 26. Rxc8 Qxc8 27. Qb3 f6 28. Nxg6 hxg6 29. Kg1 Kf7 30. g4 Qc6 31. Bf1 Nc7 32. Bg2 Qd7 33. h4 Bb6 34. h5 gxh5 35. gxh5 Qd6 36. Qd1 Nd5 37. Be4 Nxe3 38. fxe3 Qg3+ 39. Kf1 Qh3+ 40. Ke1 Qxe3+ 41. Qe2 Qg1+ 42. Kd2 Bd4 43. Bg6+ Ke7 44. Bxd4 Qxd4 45. Qe4 Qb2+ 46. Ke3 Qxa3 47. Qc6 f5 48. Qc7+ Kf6 49. Qd8+ Qe7 50. Qd4+ e5 51. Qh4+ Ke6 52. Bxf5+ Kf7 53. Qxe7+ Kxe7 54. Bc8 a5 55. Ba6 b4 56. Bc4 Kd6 57. Ke4 a4 58. Bb5 b3 59. Bxa4 b2 60. Bc2 b1Q 61. Bxb1 1-0

[Event "US op 123nd"]
[Site "Grand Rapids"]
[Date "2023.07.31"]
[Round "3"]
[White "Deviprasath, Sharvesh"]
[Black "Starkman, Eric C"]
[Result "1-0"]
[WhiteElo "2322"]
[BlackElo "1794"]
[PlyCount "55"]
[EventDate "2023.07.29"]
[EventType "swiss"]
[EventRounds "9"]
[EventCountry "USA"]
[SourceTitle "CBM 215 Extra"]
[Source "ChessBase"]
[SourceDate "2023.09.30"]
[SourceVersion "1"]
[SourceVersionDate "2023.09.30"]
[SourceQuality "1"]

1. e4 c5 2. Nc3 d6 3. d4 cxd4 4. Qxd4 Nc6 5. Qd2 g6 6. b3 Bh6 7. f4 f5 8. Bb2 Nf6 9. exf5 Bxf5 10. 0-0-0 Qa5 11. g3 0-0-0 12. Bg2 Nb4 13. Bh3 Bxh3 14. Nxh3 Rhf8 15. Kb1 Kb8 16. Rhe1 Nc6 17. Nf2 e5 18. Nd3 Nh5 19. Re4 exf4 20. Ra4 Qf5 21. Nb4 Nxb4 22. Rxb4 g5 23. Nb5 d5 24. Qd4 b6 25. Nxa7 Rd6 26. Rxb6+ Rxb6 27. Qxb6+ Ka8 28. Nc6 1-0

[Event "US op 123nd"]
[Site "Grand Rapids"]
[Date "2023.07.30"]
[Round "2"]
[White "Lane, Paul D"]
[Black "Deviprasath, Sharvesh"]
[Result "0-1"]
[WhiteElo "2098"]
[BlackElo "2322"]
[PlyCount "50"]
[EventDate "2023.07.29"]
[EventType "swiss"]
[EventRounds "9"]
[EventCountry "USA"]
[SourceTitle "CBM 215 Extra"]
[Source "ChessBase"]
[SourceDate "2023.09.30"]
[SourceVersion "1"]
[SourceVersionDate "2023.09.30"]
[SourceQuality "1"]

1. d4 Nf6 2. c4 g6 3. Nc3 Bg7 4. e4 d6 5. f4 0-0 6. Nf3 c5 7. d5 e6 8. Bd3 exd5 9. cxd5 Re8 10. 0-0 Nbd7 11. Re1 Qc7 12. Bd2 c4 13. Bc2 b5 14. a4 Ng4 15. Qe2 b4 16. Nb5 Qc5+ 17. Kf1 Bxb2 18. h3 c3 19. hxg4 cxd2 20. Qxd2 Bxa1 21. Rxa1 Nf6 22. e5 dxe5 23. Nxe5 Nxd5 24. Bb3 Ne3+ 25. Ke2 Rxe5 0-1

[Event "US op 123nd"]
[Site "Grand Rapids"]
[Date "2023.07.29"]
[Round "1"]
[White "Deviprasath, Sharvesh"]
[Black "Fan, Evan Qianyuan"]
[Result "1-0"]
[WhiteElo "2322"]
[BlackElo "1703"]
[PlyCount "107"]
[EventDate "2023.07.29"]
[EventType "swiss"]
[EventRounds "9"]
[EventCountry "USA"]
[SourceTitle "CBM 215 Extra"]
[Source "ChessBase"]
[SourceDate "2023.09.30"]
[SourceVersion "1"]
[SourceVersionDate "2023.09.30"]
[SourceQuality "1"]

1. a3 e5 2. c4 Nf6 3. Nc3 Be7 4. g3 Nc6 5. Bg2 d6 6. e3 Be6 7. b3 0-0 8. Nge2 d5 9. d3 Qd7 10. Bb2 dxc4 11. dxc4 Na5 12. Qc2 Bf5 13. e4 Bg6 14. Rd1 Qe6 15. Nd5 Bd6 16. c5 Nxd5 17. cxd6 Nc6 18. Rxd5 Qxd5 19. exd5 Bxc2 20. dxc6 cxd6 21. cxb7 Rab8 22. b4 e4 23. Kd2 Bd3 24. Nf4 Ba6 25. Bxe4 Bxb7 26. Bxb7 Rxb7 27. Rc1 Re8 28. Nh5 Rb5 29. Nf4 a5 30. Bc3 a4 31. Ne2 Rd5+ 32. Nd4 f6 33. Kd3 Kf7 34. b5 Rb8 35. Rb1 Ke7 36. Ke4 Rc5 37. Bb4 Re5+ 38. Kf3 Kd7 39. Nc6 Rf5+ 40. Kg2 Rb6 41. Nd4 Rd5 42. Bc3 Rc5 43. Ba5 Rb7 44. Rb4 Rd5 45. Rxa4 Ra7 46. Kf3 Rxd4 47. Rxd4 Rxa5 48. a4 h6 49. Ke4 Ke6 50. Rb4 Ra8 51. b6 Kd7 52. b7 Rb8 53. a5 Kc6 54. a6 1-0

[Event "World op 51st"]
[Site "Philadelphia"]
[Date "2023.07.01"]
[Round "2"]
[White "Rowe, Duane"]
[Black "Deviprasath, Sharvesh"]
[Result "0-1"]
[WhiteElo "1979"]
[BlackElo "2296"]
[PlyCount "86"]
[EventDate "2023.06.30"]
[EventType "swiss"]
[EventRounds "9"]
[EventCountry "USA"]
[SourceTitle "CBM 215 Extra"]
[Source "ChessBase"]
[SourceDate "2023.09.30"]
[SourceVersion "1"]
[SourceVersionDate "2023.09.30"]
[SourceQuality "1"]

1. e4 c5 2. Nc3 Nc6 3. Bb5 Nd4 4. Bc4 e6 5. Nge2 Nxe2 6. Qxe2 Ne7 7. f4 Nc6 8. Qf2 Be7 9. 0-0 0-0 10. a3 a6 11. d3 b5 12. Ba2 d6 13. Be3 Rb8 14. Ne2 b4 15. axb4 Nxb4 16. Bb1 Nc6 17. Ra2 Nb4 18. Ra1 Nc6 19. Ra2 a5 20. c3 Ba6 21. Re1 Qd7 22. Ng3 Rb7 23. d4 Bc4 24. Ra1 Rfb8 25. Bc1 cxd4 26. cxd4 e5 27. Nf5 exd4 28. Nxd4 Bf6 29. e5 dxe5 30. Nxc6 Qxc6 31. fxe5 Bd8 32. Kh1 Bb6 33. Qh4 h6 34. Be4 Bd5 35. Bxd5 Qxd5 36. Bxh6 gxh6 37. Rad1 Qb3 38. Qxh6 Qe6 39. Qh4 Bc5 40. Rd3 Rb3 41. Rd8+ Rxd8 42. Qxd8+ Kg7 43. Qxa5 Bb4 0-1

[Event "Titled Tuesday intern op 30th May Late"]
[Site "Chess.com INT"]
[Date "2023.05.30"]
[Round "2"]
[White "Deviprasath, Sharvesh"]
[Black "Domingo Nunez, Ruben"]
[Result "1-0"]
[WhiteElo "2296"]
[BlackElo "2416"]
[PlyCount "83"]
[EventDate "2023.05.30"]
[EventType "swiss (blitz)"]
[EventRounds "11"]
[EventCountry "USA"]
[SourceTitle "CBM 214 Extra"]
[Source "ChessBase"]
[SourceDate "2023.07.31"]
[SourceVersion "1"]
[SourceVersionDate "2023.07.31"]
[SourceQuality "1"]

1. Nf3 g6 2. g3 Bg7 3. Bg2 Nf6 4. 0-0 d6 5. d3 0-0 6. d4 Nbd7 7. d5 Nb6 8. Nc3 c6 9. dxc6 bxc6 10. Nd4 c5 11. Nc6 Qd7 12. e4 Qxc6 13. e5 Qd7 14. exf6 Bxf6 15. Bxa8 Nxa8 16. Bh6 Re8 17. Re1 Bb7 18. Nd5 Be5 19. c4 Qh3 20. Bf4 Bd4 21. Rxe7 Rxe7 22. Nxe7+ Kf8 23. Nd5 Nb6 24. Qf3 Nxc4 25. Re1 Be5 26. b3 Nb6 27. Bxe5 dxe5 28. Rxe5 Nxd5 29. Rxd5 Bxd5 30. Qxd5 Qc8 31. h4 h5 32. Qc4 Qf5 33. Qc3 Kg8 34. Kg2 Qe4+ 35. Qf3 Qe7 36. Qd5 Kg7 37. a4 Kh7 38. a5 Qc7 39. a6 Qe7 40. Qb7 Qe5 41. Qxf7+ Kh6 42. Qf4+ 1-0

[Event "Titled Tuesday intern op 23rd May Late"]
[Site "Chess.com INT"]
[Date "2023.05.23"]
[Round "7"]
[White "Alexikov, Alexander"]
[Black "Deviprasath, Sharvesh"]
[Result "0-1"]
[WhiteElo "2209"]
[BlackElo "2296"]
[PlyCount "72"]
[EventDate "2023.05.23"]
[EventType "swiss (blitz)"]
[EventRounds "11"]
[EventCountry "USA"]
[SourceTitle "EXT 2024"]
[Source "ChessBase"]
[SourceDate "2023.10.10"]
[SourceVersion "1"]
[SourceVersionDate "2023.10.10"]
[SourceQuality "1"]

1. e4 c5 2. Nf3 d6 3. d4 cxd4 4. Nxd4 Nf6 5. Nc3 Nc6 6. Be2 g6 7. 0-0 Bg7 8. Be3 0-0 9. Kh1 Bd7 10. f4 Rc8 11. Nb3 a6 12. g4 b5 13. g5 Ne8 14. Qd2 Na5 15. Nd5 Nc4 16. Bxc4 Rxc4 17. Bb6 Qa8 18. Bd4 Bxd4 19. Nxd4 e5 20. fxe5 dxe5 21. Nb6 Qxe4+ 22. Nf3 Bg4 23. Qd3 Rd4 24. Qxe4 Rxe4 25. Kg2 f6 26. Kg3 Ng7 27. Nd5 Nf5+ 28. Kg2 fxg5 29. Nxg5 Rd4 30. h3 Rxd5 31. hxg4 Ne3+ 32. Kg1 Nxf1 33. Rxf1 Rxf1+ 34. Kxf1 Rd2 35. Nf3 Rxc2 36. Nxe5 Rxb2 0-1

[Event "Titled Tuesday intern op 23rd May Late"]
[Site "Chess.com INT"]
[Date "2023.05.23"]
[Round "2"]
[White "Deviprasath, Sharvesh"]
[Black "Rodriguez Polo, Mateo"]
[Result "1-0"]
[WhiteElo "2296"]
[BlackElo "2186"]
[PlyCount "35"]
[EventDate "2023.05.23"]
[EventType "swiss (blitz)"]
[EventRounds "11"]
[EventCountry "USA"]
[SourceTitle "EXT 2024"]
[Source "ChessBase"]
[SourceDate "2023.10.10"]
[SourceVersion "1"]
[SourceVersionDate "2023.10.10"]
[SourceQuality "1"]

1. c4 Nf6 2. Nf3 e6 3. Nc3 d5 4. e3 Be7 5. b3 b6 6. Bb2 Bb7 7. cxd5 exd5 8. d4 0-0 9. Bd3 Nbd7 10. 0-0 Re8 11. Ne5 c5 12. f4 Rc8 13. Qf3 Nf8 14. Bb5 N6d7 15. Qh5 g6 16. Qh3 a6 17. Bxd7 Nxd7 18. Qxd7 1-0